000 01095nam a2200337Ia 4500
001 Z_1062
003 CHAP
008 220113s1991 xx 000 0 und d
010 _a164142
040 _cCHAP
090 _aTesis Z 712
100 _aZepeda Piña, Rubén
_9123936
245 _aRelación entre consumo y características fecales y del forraje seleccionado por ovinos pastoreando un pastizal bajo bosques de pino /
_cpor Rubén Zepeda Piña
260 _aChapingo, Méx. :
_bEl autor,
_c1991
300 _a72 h.
502 _aTesis (Ing. Agr. Esp. en Zootecnia) -- UACH. Departamento de Zootecnia
650 _aAlimentos y alimentación del ganado
_94326
650 _aArboles como forraje
650 _aForrajes
_xAnálisis
_942555
650 7 _aForrajes
_xDigestibilidad
_2
_942568
650 _aForrajes
_xValor nutritivo
_942601
650 _aGanado lanar
_xPastoreo
_945209
650 _aMaterias fecales
_xAnálisis
_972961
650 _aPastoreo
_985984
901 _aTESIS Z 712
902 _aM
910 _a1991
942 _c2
942 _c2
999 _c164142
_d164142